Normal view
MARC view
- ALLOYS-FRACTURE-ENVIROMENTAL ASCPCTS CONGRESSES; METALS-FRACTUR-ENVIRONMENTAL ASPECTS CONGRESSES
Entry Topical Term
001 - CONTROL NUMBER
- control field: 59753
003 - CONTROL NUMBER IDENTIFIER
- control field: NUST
005 - DATE AND TIME OF LATEST TRANSACTION
- control field: 20210628202409.0
008 - FIXED-LENGTH DATA ELEMENTS
- fixed length control field: 210628|| aca||aabn | a|a d
040 ## - CATALOGING SOURCE
- Original cataloging agency: NUST
- Transcribing agency: NUST
150 ## - HEADING--TOPICAL TERM
- Topical term or geographic name entry element: ALLOYS-FRACTURE-ENVIROMENTAL ASCPCTS CONGRESSES; METALS-FRACTUR-ENVIRONMENTAL ASPECTS CONGRESSES
670 ## - SOURCE DATA FOUND
- Source citation: Work cat.: (NUST): Leis, Brain N Crooker, Thomas W 59752, Environmentally assisted cracking: science and engineering, 1990
